000 00623nam a22002057a 4500
005 20240913151525.0
010 _aENG-141023
020 _c280.00
_a9380657269
035 _aEN-124555
037 _bDBAD
082 _a658.049
245 _aHR Challenges In Global Business/
_cEdited By R. Moses Daniel; K Nanthini [and] K.Ravikumar
260 _bShanlax Publications
_c2011
270 _bMadurai
300 _a133p.
_c29cm(pbk)
700 _aDaniel, R. Moses
_eEditor
_971678
700 _aNanthini, K
_eEditor
_971679
700 _aRavikumar, K.
_eEditor
_971680
942 _2ddc
_cEN
_h658.049
_mDAN
999 _c204489
_d204489